Thuật dùng người qua các triều đại Trung Hoa

Đã lưu trong:
Bibliografiske detaljer
Hovedforfatter: Sở, Nhẫn
Format: Bog
Sprog:Undetermined
Udgivet: Hà Nội Văn Hóa Thông Tin 2004
Fag:
Tags: Tilføj Tag
Ingen Tags, Vær først til at tagge denne postø!
Thư viện lưu trữ: Trung tâm Học liệu Trường Đại học Cần Thơ
LEADER 00578nam a2200193Ia 4500
001 CTU_73991
008 210402s9999 xx 000 0 und d
020 |b 63000 
082 |a 895.1308109 
082 |b Nh121 
100 |a Sở, Nhẫn 
245 0 |a Thuật dùng người qua các triều đại Trung Hoa 
245 0 |c Sở Nhẫn; Đường Thi dịch 
260 |a Hà Nội 
260 |b Văn Hóa Thông Tin 
260 |c 2004 
650 |a Chinese literature 
904 |i Mai Loan 
980 |a Trung tâm Học liệu Trường Đại học Cần Thơ